| 000 | 00601nam a22001697a 4500 | ||
|---|---|---|---|
| 003 | NUST - PNEC | ||
| 005 | 20170116180905.0 | ||
| 008 | 150902b xxu||||| |||| 00| 0 eng d | ||
| 020 | _a- | ||
| 040 | _cLIBRARY | ||
| 082 | _a621.3815 SSC | ||
| 100 |
_96561 _aSSC (Sea System Command) |
||
| 245 |
_aPortable electrical/electronic test equipment(peete)Index for support requirement of ship/shore electronic, electrical, IC, weapons, and reactor systems _cSea System Command |
||
| 260 |
_bU.S. _cU.S. Government Agencies, |
||
| 650 |
_96562 _aElectrical and electronics guide _xEE, EL |
||
| 942 |
_2ddc _cBK |
||
| 999 |
_c65057 _d65057 |
||